000 01956nam0a2200385 i 4500
001 RU\NLR\bibl\1992341
005 20260407091143.0
010 _a9785757917108
_9300
021 _aRU
_b2012-102001
_97515
035 _a(nilc)RuMoRGB-006513332
035 _a(NLR Aleph) 001980841
090 _a4088055
_c4088055
100 _a20130117d2012 u y0rusy50 ca
101 0 _arus
102 _aRU
105 _aa |||||||||
200 1 _aГеоргий Сергеевич Жирицкий
_eв воспоминаниях современников и фотографиях
_f[Каз. гос. техн. ун-т
_gредкол.: Н.Р. Абруков (гл. ред.), В.И. Коняхина (сост.) и др.]
210 _aКазань
_cИзд-во Казанского государственного технического университета
_d2012
215 _a108, [2] с.
_cил., портр., факс.
_d25
225 1 _aЖизнь замечательных людей КАИ
_eЖЗЛ КАИ
_eсерия биографий
320 _aОсновные тр. Г.С. Жирицкого: с. 107-109 (46 назв.)
600 1 _aЖирицкий
_bГ.С.
_f1893 - 1966
_gГеоргий Сергеевич
_92543132
_3RU\NLR\auth\661505413
686 _aЗ363д(2)Жирицкий
702 1 _aКоняхина
_bВ. И.
_gВалентина Ивановна
_4220
702 1 _aЖирицкий
_bГ. С.
_f1893-1966
_gГеоргий Сергеевич
_4570
702 1 _aАбруков
_bН. Р.
_4340
712 0 2 _4570
_aКазанский государственный технический университет им. А. Н. Туполева
_3RU\NLR\AUTH\8815735
_9304616
801 0 _aRU
_bRuMoRKP
_c20130117
_gRCR
801 2 _aRU
_bРГБ
_c20130131
_grcr
801 1 _aRU
_bRuMoRKP
_c20130117
_2rusmarc
801 2 _aRU
_bNLR
_c20130125
_grcr
830 _aред. в кат.нет
942 _cBOOK
980 _aNBR